000 00987cam a2200301 a 4500
001 11826102
003 ARRUPE
005 20130924171254.0
008 990818s1999 sz b 000 0 eng d
010 _a 99515809
020 _a2825413089
035 _a(OCoLC)ocm42192102
040 _aDWT
_cDWT
_dPLT
_dDLC
042 _alccopycat
050 0 0 _aBR127
_b.A753 1999
082 0 0 _a261.2
_221
100 1 _aAriarajah, S. Wesley.
_91074
245 1 0 _aNot without my neighbour :
_bissues in interfaith relations /
_cS. Wesley Ariarajah.
260 _aGeneva :
_bWCC Publications,
_cc1999.
300 _a130 p. ;
_c21 cm.
440 0 _aRisk book series ;
_vno. 85
_91075
504 _aIncludes bibliographical references.
650 0 _aChristianity and other religions.
_91076
710 2 _aWorld Council of Churches.
_91077
906 _a7
_bcbc
_ccopycat
_d3
_encip
_f19
_gy-gencatlg
942 _2lcc
_cMONOGRAPH
999 _c117997
_d117997